00882 2200301 4500001002100000005001500021035002500036008004100061020002200102040001700124082001700141084001900158100003100177245006300208250001100271260003600282300004100318500003100359650003000390850001200420007000300432090002300435090002200458504003400480999002200514990002200536990002200558INLIS00000000000798920200521125025 a0010-071500000000672150710s2014 yoia g ind d a978-602-262-147-8 aYOPDYOGbind04222a658.7882 a658.7882 RAH m0 aRahardjo Adisasmitad1935-00aManajemen pembangunan transportasi /cRahardjo Adisasmita. aCet. 13 aYogyakarta :bGraha Ilmu,c2014 ax, 149 halaman :bilustrasi ;c23 cm aBibliografi : hlm. 147-149 4aPengangkutan--xManajemen aYOPDYOGta aDEP 658.7882 RAH m aCB-D.11 2014-1255 aBibliografi : halaman 147-149 aCB-D.11/2014-1255 aCB-D.11/2014-1255 aCB-D.11/2014-1255